000 00770cab a2200241 4500
001 WB3230-16
008 090401t1996 xxu||||| |||| 00| 0 eng d
035 _a(Sirsi) u64477
041 _aeng
245 _aMidlands leads retail boom
260 _c1996
350 _a0
490 _aBirmingham Post
_v1 August 1996, 30(1)
520 _aColliers Erdman Lewis` "1996 Retail Rental Performance" reveals that retail rents are rising sharply in the West Midlands.
650 _aBIRMINGHAM
650 _aCOLLIERS ERDMAN LEWIS
650 _aPROPERTY-COMMERCIAL PROPERTY-RETAIL PROPERTY-RETAIL PROPERTY MARKET
650 _aRETAIL RENTS
650 _aWEST MIDLANDS
690 _aPROPERTY-COMMERCIAL PROPERTY-RETAIL PROPERTY
942 _n0
948 _c04/03/1997
999 _c40162
_d40162